[Event "Tallinn (w)"]
[Site "Tallinn"]
[Date "2000.01.23"]
[Round "7"]
[White "Fomina, Tatjana"]
[Black "Stepovaja-Djanchenko, Tatjana"]
[Result "1/2-1/2"]
[WhiteElo "2289"]
[BlackElo "2420"]
[PlyCount "74"]
[EventDate "2000.01.22"]

1. d4 d5 2. Nc3 Bf5 3. Bg5 c6 4. Qd2 Nd7 5. f3 Ngf6 6. e3 h6 7. Bh4 e6 8. Bd3
Qb6 9. O-O-O Bb4 10. Nge2 Bxd3 11. Qxd3 c5 12. a3 c4 13. Qd2 Ba5 14. g4 Qc6 15.
Kb1 b5 16. Nc1 Bd8 17. e4 a5 18. exd5 exd5 19. Rhe1+ Kf8 20. N3a2 Be7 21. Re2
Bd6 22. Bg3 Kg8 23. Bxd6 Qxd6 24. h4 Kh7 25. Rde1 Rhe8 26. g5 Rxe2 27. Nxe2 Nh5
28. f4 Re8 29. f5 Qh2 30. Nac1 Nf4 31. g6+ fxg6 32. fxg6+ Nxg6 33. Qxa5 Qxh4
34. Rg1 Nf6 35. Qxb5 Qh2 36. Qc6 Rxe2 37. Nxe2 Qxe2 1/2-1/2

[Event "Tallinn (w)"]
[Site "Tallinn"]
[Date "2000.01.23"]
[Round "7"]
[White "Cmilyte, Viktorija"]
[Black "Rause, Olita"]
[Result "1-0"]
[WhiteElo "2329"]
[BlackElo "2249"]
[PlyCount "55"]
[EventDate "2000.01.22"]

1. d4 d5 2. c4 Bf5 3. cxd5 Bxb1 4. Rxb1 Qxd5 5. Qa4+ Nc6 6. Nf3 Qe4 7. Ra1 e5
8. e3 exd4 9. Bb5 Nge7 10. O-O O-O-O 11. Rd1 a6 12. Bd3 Qe6 13. exd4 Nd5 14.
Re1 Qd7 15. Be3 f5 16. Bg5 Be7 17. Rac1 Bxg5 18. Nxg5 Nb6 19. Qb3 Rhe8 20. Ne6
Nxd4 21. Nxd4 Qxd4 22. Rxe8 Rxe8 23. Qf7 Qe5 24. Rxc7+ Qxc7 25. Qxe8+ Qd8 26.
Bxf5+ Kc7 27. Qxd8+ Kxd8 28. Bxh7 1-0